000 00447nam a2200181Ia 4500
001 24474
005 20260414151046.0
008 260414t2011||||xx |||||||||||||| ||spa||
041 _aESP
082 _a345.7C3
_bG86
100 _aGuerra Cerrón, J. María Elena
_eAUT
245 0 _aManual del código procesal civil
_b
260 _c2011
300 _a239 páginas :
_c24 cm.
650 _aDER
654 _aCDE
942 _cLIB
_dJUS
_fJUS
_2ddc
_n
999 _c24474
_d24474